000 00676nam a22002177a 4500
003 UA-OsUOA
001 39207
007 ta
008 20060613b un ||||| |||| 00| 0 ukr d
090 _a81.1
_bС47
942 _cBK
040 _aUA-OsUOA
_brus
_cUA-OsUOA
_dUA-OsUOA
245 _aСлавяноведение в дореволюционной России
_bБиобиблиографический словарь
300 _a429 с.
955 _a1
041 _arus
080 _a81.1
260 _aМ.
_bНаука
_c1979
650 7 _a8 Мовознавство. Художня література. Літературознавство
_2UDC
999 _c325352
_d325352